| 000 | 00751nam a2200289Ia 4500 | ||
|---|---|---|---|
| 008 | 171120s9999 xx 000 0 und d | ||
| 020 | _a9710868373 | ||
| 050 | _a411 | ||
| 050 | _bS623 2007 | ||
| 100 | _aSison, Juanito S. | ||
| 245 | _aHandbook on case writing and analysis / | ||
| 245 | _cby Juanito S. Sison and Flordeliza M. Sison. | ||
| 260 | _aPhilippines : | ||
| 260 | _bNational Book Store, | ||
| 260 | _c2007 | ||
| 300 | _axi, 68 pages : | ||
| 300 | _billustrations ; | ||
| 300 | _c23cm. | ||
| 440 | _aHandbook on. | ||
| 650 | _aLegal composition. | ||
| 650 | _aLegal research -- | ||
| 650 | _aLegal research. | ||
| 650 | _xUnited States. | ||
| 700 | _aSeries. | ||
| 700 | _aSison, Juanico S. | ||
| 700 | _aTitle. | ||
| 999 |
_c345004 _d345004 |
||